000 00462nam a2200193Ia 4500
005 20240823062210.0
008 240823s9999||||xx |||||||||||||| ||und||
020 _a978-81-89843-00-7
041 _aENGLISH
082 _A530 Q7
100 _aMani P
245 2 _aA Text book on Engineering Physics
250 _a1st
260 _c2017
_bDhanam Publica
500 _aTRANSFERED
650 _aEngineering Physics
_bPhysics
942 _cBK
999 _c235317
_d235317